[Event "DEM U10 2021"]
[Site "Willingen GER"]
[Date "2021.08.25"]
[Round "5"]
[White "Bundan, Edward"]
[Black "Herrmann, Arthur"]
[Result "0-1"]
[Termination "normal"]
[Board "7"]
[WhiteElo "1236"]
[BlackElo "1191"]
[WhiteClock "00:26:31"]
[BlackClock "00:17:05"]
[PlyCount "148"]
[WhiteFideId "34603042"]
[BlackFideId "16287150"]
[EventCountry "GER"]
[EventRounds "11"]
[EventType "swiss"]
[EventDate "2021.08.22"]

1. e4 {[%clk 01:15:57]} {[%emt 00:00:02]} c5 {[%clk 01:15:57]} {[%emt
00:00:03]} 2. Nf3 {[%clk 01:16:18]} d6 {[%clk 01:16:23]} {[%emt 00:00:13]} 3.
d4 {[%emt 00:00:12]} cxd4 {[%clk 01:16:45]} {[%emt 00:00:06]} 4. Nxd4 {[%clk
01:16:58]} {[%emt 00:00:11]} Nf6 {[%clk 01:17:09]} {[%emt 00:00:05]} 5. Nc3
{[%clk 01:16:56]} {[%emt 00:00:32]} a6 {[%clk 01:17:28]} {[%emt 00:00:12]} 6.
Bc4 {[%clk 01:16:22]} {[%emt 00:01:04]} e6 {[%clk 01:17:41]} {[%emt 00:00:17]}
7. Bb3 {[%clk 01:16:00]} {[%emt 00:00:52]} Nbd7 {[%clk 01:17:26]} {[%emt
00:00:44]} 8. Be3 {[%clk 01:15:37]} {[%emt 00:00:53]} Nc5 {[%clk 01:17:06]}
{[%emt 00:00:50]} 9. f3 {[%clk 01:14:25]} {[%emt 00:01:41]} Be7 {[%clk
01:16:09]} {[%emt 00:01:28]} 10. O-O {[%clk 01:13:55]} {[%emt 00:00:59]} O-O
{[%clk 01:15:02]} {[%emt 00:01:38]} 11. a3 {[%clk 01:13:05]} {[%emt 00:01:20]}
Qc7 {[%clk 01:12:53]} {[%emt 00:02:39]} 12. Kh1 {[%clk 01:11:42]} {[%emt
00:01:48]} b6 {[%clk 01:08:15]} {[%emt 00:05:09]} 13. Qd2 {[%clk 01:10:08]}
{[%emt 00:02:05]} Bb7 {[%clk 01:06:10]} {[%emt 00:02:37]} 14. Rad1 {[%clk
01:09:07]} {[%emt 00:01:32]} Rfd8 {[%clk 01:04:44]} {[%emt 00:01:56]} 15. Qf2
{[%clk 01:05:30]} {[%emt 00:04:07]} d5 {[%clk 00:59:18]} {[%emt 00:05:55]} 16.
exd5 {[%clk 01:03:39]} {[%emt 00:02:21]} Nxd5 {[%clk 00:58:57]} {[%emt
00:00:51]} 17. Nxd5 {[%clk 01:03:54]} {[%emt 00:00:15]} Bxd5 {[%clk 00:58:23]}
{[%emt 00:01:25]} 18. Bxd5 {[%clk 01:03:55]} {[%emt 00:00:22]} Rxd5 {[%clk
00:58:07]} {[%emt 00:00:32]} 19. Ne2 {[%clk 01:02:17]} {[%emt 00:02:07]} Rad8
{[%clk 00:56:39]} {[%emt 00:01:59]} 20. Rxd5 {[%clk 01:01:46]} {[%emt
00:01:00]} Rxd5 {[%clk 00:56:21]} {[%emt 00:00:48]} 21. h3 {[%clk 01:00:17]}
{[%emt 00:01:57]} Bf6 {[%clk 00:53:51]} {[%emt 00:03:03]} 22. b4 {[%clk
00:56:47]} {[%emt 00:04:00]} Na4 {[%clk 00:50:34]} {[%emt 00:03:46]} 23. Nf4
{[%clk 00:52:55]} {[%emt 00:04:22]} Rd8 {[%clk 00:46:05]} {[%emt 00:04:56]} 24.
Qe2 {[%clk 00:50:36]} {[%emt 00:02:51]} b5 {[%clk 00:39:50]} {[%emt 00:06:47]}
25. Rd1 {[%clk 00:45:26]} {[%emt 00:05:38]} Rc8 {[%clk 00:38:27]} {[%emt
00:01:53]} 26. Rd2 {[%clk 00:42:15]} {[%emt 00:03:37]} Bc3 {[%clk 00:33:28]}
{[%emt 00:05:33]} 27. Rd3 {[%clk 00:39:50]} {[%emt 00:02:56]} Nb2 {[%clk
00:33:01]} {[%emt 00:00:59]} 28. Qf1 {[%clk 00:28:07]} {[%emt 00:12:09]} Nxd3
{[%clk 00:33:04]} {[%emt 00:00:30]} 29. Qxd3 {[%clk 00:28:12]} {[%emt
00:00:24]} Rd8 {[%clk 00:31:58]} {[%emt 00:01:38]} 30. Qe2 {[%clk 00:27:35]}
{[%emt 00:01:00]} Bb2 {[%clk 00:29:25]} {[%emt 00:03:08]} 31. Nd3 {[%clk
00:26:14]} {[%emt 00:01:44]} Qc3 {[%clk 00:28:09]} {[%emt 00:01:50]} 32. Nxb2
{[%clk 00:25:32]} {[%emt 00:01:06]} Qxb2 {[%clk 00:28:10]} {[%emt 00:00:37]}
33. Bc5 {[%clk 00:25:37]} {[%emt 00:00:26]} Qxa3 {[%clk 00:25:48]} {[%emt
00:02:53]} 34. Qe5 {[%clk 00:25:25]} {[%emt 00:00:40]} Qc1+ {[%clk 00:25:26]}
{[%emt 00:00:53]} 35. Kh2 {[%clk 00:25:41]} {[%emt 00:00:13]} Qd2 {[%clk
00:24:32]} {[%emt 00:01:18]} 36. c3 {[%clk 00:25:35]} {[%emt 00:00:40]} Qd5
{[%clk 00:23:50]} {[%emt 00:01:11]} 37. Qg3 {[%clk 00:24:10]} {[%emt 00:01:59]}
Re8 {[%clk 00:21:51]} {[%emt 00:02:28]} 38. Bd4 {[%clk 00:23:34]} {[%emt
00:01:06]} e5 {[%clk 00:21:57]} {[%emt 00:00:25]} 39. Be3 {[%clk 00:23:27]}
{[%emt 00:00:35]} Kh8 {[%clk 00:21:06]} {[%emt 00:01:22]} 40. f4 {[%clk
00:22:03]} {[%emt 00:01:53]} exf4 {[%clk 00:19:41]} {[%emt 00:01:56]} 41. Bxf4
{[%clk 00:22:08]} {[%emt 00:00:25]} h6 {[%clk 00:18:13]} {[%emt 00:01:58]} 42.
Be3 {[%clk 00:21:19]} {[%emt 00:01:18]} Qd3 {[%clk 00:17:22]} {[%emt 00:01:21]}
43. Bd4 {[%clk 00:19:48]} {[%emt 00:02:02]} Qxg3+ {[%clk 00:16:24]} {[%emt
00:01:28]} 44. Kxg3 {[%clk 00:19:58]} {[%emt 00:00:19]} f6 {[%clk 00:16:20]}
{[%emt 00:00:35]} 45. Kf4 {[%clk 00:19:49]} {[%emt 00:00:39]} Kg8 {[%clk
00:16:35]} {[%emt 00:00:14]} 46. Kf5 {[%clk 00:20:00]} {[%emt 00:00:19]} Kf7
{[%clk 00:16:56]} {[%emt 00:00:10]} 47. g4 {[%clk 00:20:18]} {[%emt 00:00:12]}
Re6 {[%clk 00:15:45]} {[%emt 00:01:40]} 48. h4 {[%clk 00:20:10]} {[%emt
00:00:38]} g6+ {[%clk 00:15:43]} {[%emt 00:00:32]} 49. Kf4 {[%clk 00:20:25]}
{[%emt 00:00:15]} Rd6 {[%clk 00:13:03]} {[%emt 00:03:09]} 50. g5 {[%clk
00:20:32]} {[%emt 00:00:25]} hxg5+ {[%clk 00:12:01]} {[%emt 00:01:32]} 51. hxg5
{[%clk 00:20:55]} {[%emt 00:00:07]} Rxd4+ {[%clk 00:09:49]} {[%emt 00:02:42]}
52. cxd4 {[%clk 00:20:54]} {[%emt 00:00:32]} fxg5+ {[%clk 00:10:06]} {[%emt
00:00:12]} 53. Kxg5 {[%clk 00:20:58]} {[%emt 00:00:25]} Ke6 {[%clk 00:10:25]}
{[%emt 00:00:12]} 54. Kf4 {[%clk 00:20:57]} {[%emt 00:00:31]} Kd5 {[%clk
00:10:41]} {[%emt 00:00:14]} 55. Ke3 {[%clk 00:21:18]} {[%emt 00:00:08]} g5
{[%clk 00:11:01]} {[%emt 00:00:10]} 56. Kf3 {[%clk 00:21:12]} {[%emt 00:00:37]}
Kxd4 {[%clk 00:11:25]} {[%emt 00:00:06]} 57. Kg4 {[%clk 00:21:33]} {[%emt
00:00:09]} Kc4 {[%clk 00:11:49]} {[%emt 00:00:07]} 58. Kxg5 {[%clk 00:21:43]}
{[%emt 00:00:19]} Kxb4 {[%clk 00:12:14]} {[%emt 00:00:05]} 59. Kf4 {[%clk
00:21:59]} {[%emt 00:00:14]} Kc3 {[%clk 00:12:29]} {[%emt 00:00:15]} 60. Ke3
{[%clk 00:22:09]} {[%emt 00:00:20]} b4 {[%clk 00:12:54]} {[%emt 00:00:06]} 61.
Ke2 {[%clk 00:21:56]} {[%emt 00:00:43]} Kc2 {[%clk 00:13:11]} {[%emt 00:00:13]}
62. Ke3 {[%clk 00:22:11]} {[%emt 00:00:14]} b3 {[%clk 00:13:32]} {[%emt
00:00:09]} 63. Kd4 {[%clk 00:22:28]} {[%emt 00:00:13]} b2 {[%clk 00:13:57]}
{[%emt 00:00:05]} 64. Kc5 {[%clk 00:22:46]} {[%emt 00:00:12]} b1=Q {[%clk
00:14:15]} {[%emt 00:00:11]} 65. Kc4 {[%clk 00:23:07]} {[%emt 00:00:09]} Qb3+
{[%clk 00:14:18]} {[%emt 00:00:27]} 66. Kd4 {[%clk 00:23:30]} {[%emt 00:00:08]}
Qc3+ {[%clk 00:14:34]} {[%emt 00:00:14]} 67. Ke4 {[%clk 00:23:48]} {[%emt
00:00:11]} Qd3+ {[%clk 00:14:53]} {[%emt 00:00:12]} 68. Kf4 {[%clk 00:24:10]}
{[%emt 00:00:08]} Qe2 {[%clk 00:15:16]} {[%emt 00:00:07]} 69. Kf5 {[%clk
00:24:35]} {[%emt 00:00:05]} a5 {[%clk 00:15:30]} {[%emt 00:00:16]} 70. Kf4
{[%clk 00:24:57]} {[%emt 00:00:08]} a4 {[%clk 00:15:55]} {[%emt 00:00:05]} 71.
Kf5 {[%clk 00:25:21]} {[%emt 00:00:06]} a3 {[%clk 00:16:21]} {[%emt 00:00:05]}
72. Kf4 {[%clk 00:25:40]} {[%emt 00:00:10]} a2 {[%clk 00:16:47]} {[%emt
00:00:04]} 73. Kf5 {[%clk 00:26:06]} {[%emt 00:00:05]} a1=Q {[%clk 00:17:05]}
{[%emt 00:00:10]} 74. Kf4 {[%clk 00:26:31]} {[%emt 00:00:06]} Qae5# {[%emt
00:00:09]} 0-1

[Event "DEM U10 2021"]
[Site "Willingen GER"]
[Date "2021.08.25"]
[Round "5"]
[White "Stichter, Constantin"]
[Black "Rodriguez Klasen, Ennio"]
[Result "1-0"]
[Termination "normal"]
[Board "8"]
[WhiteElo "1444"]
[BlackElo "1341"]
[WhiteClock "00:59:23"]
[BlackClock "00:16:30"]
[PlyCount "55"]
[WhiteFideId "34603140"]
[BlackFideId "16277414"]
[EventCountry "GER"]
[EventRounds "11"]
[EventType "swiss"]
[EventDate "2021.08.22"]

1. e4 {[%clk 01:15:59]} g6 {[%clk 01:15:53]} {[%emt 00:00:07]} 2. d4 {[%clk
01:16:27]} {[%emt 00:00:02]} Bg7 {[%clk 01:16:09]} {[%emt 00:00:14]} 3. Nf3
{[%clk 01:16:52]} {[%emt 00:00:05]} c5 {[%clk 01:16:24]} {[%emt 00:00:15]} 4.
d5 {[%clk 01:16:38]} {[%emt 00:00:45]} d6 {[%clk 01:16:35]} {[%emt 00:00:19]}
5. Bd3 {[%clk 01:15:56]} {[%emt 00:01:11]} Bg4 {[%clk 01:16:13]} {[%emt
00:00:52]} 6. h3 {[%clk 01:16:11]} {[%emt 00:00:15]} Bxf3 {[%clk 01:16:34]}
{[%emt 00:00:09]} 7. Qxf3 {[%clk 01:16:25]} {[%emt 00:00:16]} Nf6 {[%clk
01:16:34]} {[%emt 00:00:30]} 8. O-O {[%clk 01:16:47]} {[%emt 00:00:09]} O-O
{[%clk 01:16:17]} {[%emt 00:00:46]} 9. Nd2 {[%clk 01:15:15]} {[%emt 00:02:01]}
Nbd7 {[%clk 01:15:48]} {[%emt 00:00:59]} 10. Qg3 {[%clk 01:14:26]} {[%emt
00:01:19]} Ne5 {[%clk 01:13:19]} {[%emt 00:03:00]} 11. f4 {[%clk 01:14:41]}
{[%emt 00:00:14]} Nxd3 {[%clk 01:07:38]} {[%emt 00:06:12]} 12. Qxd3 {[%clk
01:14:59]} {[%emt 00:00:12]} Qd7 {[%clk 01:03:01]} {[%emt 00:05:08]} 13. c4
{[%clk 01:12:26]} {[%emt 00:03:03]} Qc7 {[%clk 01:01:13]} {[%emt 00:02:16]} 14.
Nf3 {[%clk 01:10:32]} {[%emt 00:02:24]} Nd7 {[%clk 00:59:06]} {[%emt 00:02:38]}
15. Rb1 {[%clk 01:08:03]} {[%emt 00:02:58]} Rab8 {[%clk 00:57:28]} {[%emt
00:02:08]} 16. b3 {[%clk 01:07:11]} {[%emt 00:01:23]} b6 {[%clk 00:54:48]}
{[%emt 00:03:11]} 17. Bb2 {[%clk 01:07:28]} {[%emt 00:00:12]} a6 {[%clk
00:54:04]} {[%emt 00:01:14]} 18. Bxg7 Kxg7 {[%clk 00:54:21]} 19. Qc3+ {[%clk
01:06:58]} {[%emt 00:00:29]} Kg8 {[%clk 00:53:32]} {[%emt 00:01:19]} 20. e5
{[%clk 01:06:00]} {[%emt 00:01:29]} e6 {[%clk 00:45:20]} {[%emt 00:08:42]} 21.
Rbd1 {[%clk 01:03:52]} {[%emt 00:02:37]} exd5 {[%clk 00:43:24]} {[%emt
00:02:27]} 22. exd6 {[%clk 01:03:53]} {[%emt 00:00:29]} Qxd6 {[%clk 00:43:47]}
{[%emt 00:00:07]} 23. Rxd5 {[%clk 01:04:04]} {[%emt 00:00:20]} Qc6 {[%clk
00:41:49]} {[%emt 00:02:27]} 24. Qd3 {[%clk 01:02:35]} {[%emt 00:01:59]} Rb7
{[%clk 00:33:38]} {[%emt 00:08:41]} 25. Rd1 {[%clk 01:02:19]} {[%emt 00:00:45]}
Nb8 {[%clk 00:32:50]} {[%emt 00:01:18]} 26. f5 {[%clk 01:01:21]} {[%emt
00:01:28]} Qe8 {[%clk 00:18:05]} {[%emt 00:15:15]} 27. f6 {[%clk 01:01:03]}
{[%emt 00:00:48]} h5 {[%clk 00:16:30]} {[%emt 00:02:05]} 28. Qd2 {[%clk
00:59:23]} {[%emt 00:02:10]} 1-0

[Event "DEM U10 2021"]
[Site "Willingen GER"]
[Date "2021.08.25"]
[Round "5"]
[White "Zimmer, Tim"]
[Black "Zhang, Yibo"]
[Result "0-1"]
[Termination "normal"]
[Board "9"]
[WhiteElo "1013"]
[BlackElo "1313"]
[WhiteClock "00:08:01"]
[BlackClock "00:53:49"]
[PlyCount "130"]
[WhiteFideId "34603115"]
[BlackFideId "16287657"]
[EventCountry "GER"]
[EventRounds "11"]
[EventType "swiss"]
[EventDate "2021.08.22"]

1. e4 {[%clk 01:15:57]} {[%emt 00:00:02]} e5 {[%clk 01:15:50]} {[%emt
00:00:10]} 2. Nf3 {[%clk 01:16:10]} {[%emt 00:00:18]} Nc6 {[%clk 01:16:15]}
{[%emt 00:00:05]} 3. Bc4 {[%clk 01:16:08]} {[%emt 00:00:32]} Bc5 {[%clk
01:16:40]} {[%emt 00:00:05]} 4. Nc3 {[%clk 01:15:29]} {[%emt 00:01:11]} Nf6
{[%clk 01:16:28]} {[%emt 00:00:40]} 5. d3 {[%clk 01:11:42]} {[%emt 00:04:17]}
d6 {[%clk 01:16:31]} {[%emt 00:00:27]} 6. O-O {[%clk 01:11:12]} {[%emt
00:01:00]} Bg4 {[%clk 01:14:59]} {[%emt 00:02:01]} 7. h3 {[%clk 01:09:56]}
{[%emt 00:01:46]} Bh5 {[%clk 01:15:11]} {[%emt 00:00:19]} 8. Bg5 {[%clk
01:09:00]} {[%emt 00:01:26]} h6 {[%clk 01:14:07]} {[%emt 00:01:35]} 9. Bxf6
{[%clk 00:53:32]} {[%emt 00:15:58]} gxf6 {[%clk 01:13:45]} {[%emt 00:00:52]}
10. Nd5 {[%clk 00:50:36]} {[%emt 00:03:26]} Nd4 {[%clk 01:13:44]} {[%emt
00:00:31]} 11. g4 {[%clk 00:50:34]} {[%emt 00:00:32]} Rg8 {[%clk 01:12:18]}
{[%emt 00:01:55]} 12. Nxd4 {[%clk 00:44:17]} {[%emt 00:06:58]} Bxd4 {[%clk
01:11:33]} {[%emt 00:01:36]} 13. c3 {[%clk 00:42:22]} {[%emt 00:01:54]} Bb6
{[%clk 01:09:10]} {[%emt 00:02:54]} 14. Kh1 {[%clk 00:41:13]} {[%emt 00:01:38]}
Bg6 {[%clk 01:08:21]} {[%emt 00:01:20]} 15. Qf3 {[%clk 00:40:48]} {[%emt
00:00:55]} f5 {[%clk 01:07:03]} {[%emt 00:01:48]} 16. gxf5 {[%clk 00:38:04]}
{[%emt 00:03:13]} Bh7 {[%clk 01:06:08]} {[%emt 00:01:24]} 17. Rg1 {[%clk
00:35:40]} {[%emt 00:02:55]} c6 {[%clk 01:02:58]} {[%emt 00:03:40]} 18. Rxg8+
{[%clk 00:27:07]} {[%emt 00:09:02]} Bxg8 {[%clk 01:02:57]} {[%emt 00:00:31]}
19. Rg1 {[%clk 00:26:20]} {[%emt 00:01:17]} Bh7 {[%clk 01:01:06]} {[%emt
00:02:21]} 20. Ne3 {[%clk 00:23:07]} {[%emt 00:03:44]} Bxe3 {[%clk 01:00:46]}
{[%emt 00:00:50]} 21. fxe3 {[%clk 00:22:40]} {[%emt 00:00:57]} Qf6 {[%clk
00:58:38]} {[%emt 00:02:38]} 22. Rg4 {[%clk 00:13:17]} {[%emt 00:09:52]} O-O-O
{[%clk 00:58:30]} {[%emt 00:00:39]} 23. Qg2 {[%clk 00:12:52]} {[%emt 00:00:55]}
d5 {[%clk 00:50:18]} {[%emt 00:08:42]} 24. Bb3 {[%clk 00:06:29]} {[%emt
00:06:53]} dxe4 {[%clk 00:47:13]} {[%emt 00:03:35]} 25. dxe4 {[%clk 00:05:13]}
{[%emt 00:01:47]} Bxf5 {[%clk 00:46:31]} {[%emt 00:01:12]} 26. exf5 {[%clk
00:05:21]} {[%emt 00:00:21]} Qxf5 {[%clk 00:46:46]} {[%emt 00:00:15]} 27. Rg7
{[%clk 00:04:20]} {[%emt 00:01:31]} Qb1+ {[%clk 00:45:43]} {[%emt 00:01:34]}
28. Kh2 {[%clk 00:03:49]} {[%emt 00:01:00]} Qe1 {[%clk 00:44:20]} {[%emt
00:01:54]} 29. Rg8 {[%clk 00:02:58]} {[%emt 00:01:17]} Qxe3 {[%clk 00:43:48]}
{[%emt 00:01:06]} 30. Rxd8+ {[%clk 00:02:13]} {[%emt 00:01:15]} Kxd8 {[%clk
00:44:11]} {[%emt 00:00:07]} 31. Qg8+ {[%clk 00:02:34]} {[%emt 00:00:07]} Kc7
{[%clk 00:44:27]} {[%emt 00:00:16]} 32. Qxf7+ {[%clk 00:02:30]} {[%emt
00:00:34]} Kb6 {[%clk 00:44:51]} {[%emt 00:00:06]} 33. Qf1 {[%clk 00:01:41]}
{[%emt 00:01:16]} Qd2+ {[%clk 00:45:07]} {[%emt 00:00:17]} 34. Qg2 {[%clk
00:01:17]} {[%emt 00:00:53]} Qf4+ {[%clk 00:45:26]} {[%emt 00:00:11]} 35. Kh1
{[%clk 00:01:23]} {[%emt 00:00:24]} e4 {[%clk 00:45:33]} {[%emt 00:00:25]} 36.
Kg1 {[%clk 00:01:03]} {[%emt 00:00:49]} Qc1+ {[%clk 00:45:29]} {[%emt
00:00:34]} 37. Qf1 {[%clk 00:01:20]} {[%emt 00:00:13]} Qg5+ {[%clk 00:45:47]}
{[%emt 00:00:13]} 38. Kf2 {[%clk 00:00:37]} {[%emt 00:01:12]} Qd2+ {[%clk
00:45:54]} {[%emt 00:00:23]} 39. Qe2 {[%clk 00:00:34]} {[%emt 00:00:33]} Qf4+
{[%clk 00:46:03]} {[%emt 00:00:21]} 40. Ke1 {[%clk 00:00:48]} {[%emt 00:00:15]}
e3 {[%clk 00:45:43]} {[%emt 00:00:51]} 41. Kd1 {[%clk 00:00:36]} {[%emt
00:00:42]} Qd6+ {[%clk 00:44:55]} {[%emt 00:01:18]} 42. Kc1 {[%clk 00:00:34]}
{[%emt 00:00:32]} Qg3 {[%clk 00:44:35]} {[%emt 00:00:49]} 43. h4 {[%clk
00:14:50]} {[%emt 00:01:14]} Qh3 {[%clk 00:57:45]} {[%emt 00:02:20]} 44. Bc4
{[%clk 00:13:22]} {[%emt 00:01:59]} Qh1+ {[%clk 00:53:58]} {[%emt 00:04:16]}
45. Kc2 {[%clk 00:12:58]} {[%emt 00:00:55]} Qe4+ {[%clk 00:54:14]} {[%emt
00:00:13]} 46. Kb3 {[%clk 00:13:14]} {[%emt 00:00:15]} Ka5 {[%clk 00:53:25]}
{[%emt 00:01:19]} 47. Qh5+ {[%clk 00:10:43]} {[%emt 00:02:59]} b5 {[%emt
00:02:31]} 48. Qc5 {[%clk 00:06:55]} {[%emt 00:02:20]} Qxc4+ {[%clk 00:53:23]}
{[%emt 00:00:31]} 49. Qxc4 {[%clk 00:07:19]} {[%emt 00:00:06]} bxc4+ {[%clk
00:53:46]} {[%emt 00:00:07]} 50. Kc2 {[%clk 00:07:43]} {[%emt 00:00:04]} Kb5
{[%clk 00:53:53]} {[%emt 00:00:24]} 51. Kd1 {[%clk 00:08:06]} {[%emt 00:00:07]}
Kc5 {[%clk 00:53:34]} {[%emt 00:00:50]} 52. Ke2 {[%clk 00:08:25]} {[%emt
00:00:11]} Kd5 {[%clk 00:53:59]} {[%emt 00:00:05]} 53. Kxe3 {[%clk 00:08:49]}
{[%emt 00:00:06]} Ke5 {[%clk 00:54:25]} {[%emt 00:00:05]} 54. Kf3 {[%clk
00:08:33]} {[%emt 00:00:45]} Kf5 {[%clk 00:54:46]} {[%emt 00:00:09]} 55. Kg3
{[%clk 00:08:29]} {[%emt 00:00:34]} a5 {[%clk 00:53:55]} {[%emt 00:01:21]} 56.
b3 {[%clk 00:07:09]} {[%emt 00:01:51]} cxb3 {[%clk 00:53:46]} {[%emt 00:00:38]}
57. axb3 {[%clk 00:07:26]} {[%emt 00:00:13]} Ke4 {[%clk 00:51:07]} {[%emt
00:03:09]} 58. Kg4 {[%clk 00:07:03]} {[%emt 00:00:53]} Kd3 {[%clk 00:51:26]}
{[%emt 00:00:10]} 59. Kh5 {[%clk 00:07:27]} {[%emt 00:00:06]} Kxc3 {[%clk
00:51:50]} {[%emt 00:00:06]} 60. Kxh6 {[%clk 00:07:37]} {[%emt 00:00:20]} Kxb3
{[%clk 00:52:13]} {[%emt 00:00:08]} 61. Kg6 {[%clk 00:06:44]} {[%emt 00:01:23]}
a4 {[%clk 00:52:37]} {[%emt 00:00:06]} 62. h5 {[%clk 00:07:09]} {[%emt
00:00:05]} a3 {[%clk 00:52:53]} {[%emt 00:00:14]} 63. h6 {[%clk 00:07:31]}
{[%emt 00:00:07]} a2 {[%clk 00:53:21]} {[%emt 00:00:03]} 64. h7 {[%clk
00:07:43]} {[%emt 00:00:18]} a1=Q {[%clk 00:53:27]} {[%emt 00:00:23]} 65. Kf7
{[%clk 00:08:01]} {[%emt 00:00:12]} Qh8 {[%clk 00:53:49]} {[%emt 00:00:09]} *

[Event "DEM U10 2021"]
[Site "Willingen GER"]
[Date "2021.08.25"]
[Round "5"]
[White "Peglau, Paul David"]
[Black "Chua, Daniel James"]
[Result "0-1"]
[Termination "normal"]
[Board "10"]
[WhiteElo "1365"]
[BlackElo "1434"]
[WhiteClock "00:59:35"]
[BlackClock "00:46:55"]
[PlyCount "32"]
[WhiteFideId "16290550"]
[BlackFideId "34608354"]
[EventCountry "GER"]
[EventRounds "11"]
[EventType "swiss"]
[EventDate "2021.08.22"]

1. c4 {[%clk 01:15:54]} {[%emt 00:00:06]} c5 {[%clk 01:15:03]} {[%emt
00:00:58]} 2. Nc3 {[%clk 01:12:14]} {[%emt 00:04:10]} Nc6 {[%clk 01:15:21]}
{[%emt 00:00:12]} 3. g3 {[%clk 01:12:35]} {[%emt 00:00:09]} e6 {[%clk
01:15:43]} {[%emt 00:00:08]} 4. Bg2 {[%clk 01:12:56]} {[%emt 00:00:09]} Nf6
{[%clk 01:16:03]} {[%emt 00:00:09]} 5. e3 {[%clk 01:11:34]} {[%emt 00:01:52]}
d5 {[%clk 01:15:51]} {[%emt 00:00:43]} 6. cxd5 {[%clk 01:08:07]} {[%emt
00:03:58]} exd5 {[%clk 01:15:59]} {[%emt 00:00:21]} 7. d4 {[%clk 01:08:13]}
{[%emt 00:00:24]} cxd4 {[%clk 01:16:13]} {[%emt 00:00:16]} 8. exd4 {[%clk
01:08:34]} {[%emt 00:00:10]} Be6 {[%clk 01:13:26]} {[%emt 00:03:16]} 9. Nge2
{[%clk 01:08:22]} {[%emt 00:00:41]} Be7 {[%clk 01:11:42]} {[%emt 00:02:14]} 10.
O-O {[%clk 01:07:06]} {[%emt 00:01:46]} O-O {[%clk 01:09:31]} {[%emt 00:02:42]}
11. Nf4 {[%clk 01:04:13]} {[%emt 00:03:23]} Re8 {[%clk 01:09:00]} {[%emt
00:00:55]} 12. Be3 {[%clk 01:03:15]} {[%emt 00:01:33]} Rc8 {[%clk 00:57:01]}
{[%emt 00:12:21]} 13. Qb3 {[%clk 01:02:10]} {[%emt 00:01:44]} Na5 {[%clk
00:56:31]} {[%emt 00:01:00]} 14. Qc2 {[%clk 01:01:09]} {[%emt 00:01:31]} Nc4
{[%clk 00:47:09]} {[%emt 00:09:51]} 15. Rac1 {[%clk 01:00:30]} {[%emt
00:01:10]} Qd7 {[%clk 00:46:39]} {[%emt 00:00:59]} 16. Qd2 {[%clk 00:59:35]}
{[%emt 00:01:25]} Nxd2 {[%clk 00:46:55]} {[%emt 00:00:14]} 0-1